[Event "IECC Swiss email"]
[Site "IECC email"]
[Date "2001.05.31"]
[Round "?"]
[White "Capco, Jose"]
[Black "Schulle, Jozsef"]
[Result "0-1"]
[WhiteElo "1768"]
[BlackElo "1120"]
[PlyCount "66"]
[EventDate "2001.??.??"]
[EventType "tourn (corr)"]
[EventRounds "6"]
[SourceTitle "Corr 2008"]
[Source "ChessBase"]
[SourceDate "2008.06.24"]
[SourceVersion "1"]
[SourceVersionDate "2008.06.24"]
[SourceQuality "1"]

1. d4 d5 2. c4 e6 3. Nf3 Nf6 4. Nc3 Be7 5. e3 0-0 6. Bd3 c5 7. Qc2 Nc6 8. a3 dxc4 9. Bxc4 cxd4 10. exd4 Nxd4 11. Qd3 Nxf3+ 12. Qxf3 Qc7 13. Ba2 Bd7 14. Bf4 Qc6 15. Qxc6 Bxc6 16. 0-0 Rfd8 17. Rfd1 Rac8 18. f3 Bc5+ 19. Kf1 Nd5 20. Nxd5 Bb5+ 21. Ke1 exd5 22. Kd2 Re8 23. Re1 Bd4 24. Rxe8+ Rxe8 25. Re1 Rxe1 26. Kxe1 Bxb2 27. Bxd5 Bxa3 28. Bxb7 a5 29. Bd5 Be7 30. Kd2 a4 31. Kc3 h5 32. Kb2 Kf8 33. Ka2 g5 0-1

[Event "IECC M email"]
[Site "IECC email"]
[Date "2001.05.31"]
[Round "?"]
[White "Capco, Jose"]
[Black "Vogel, Frank C"]
[Result "0-1"]
[WhiteElo "1784"]
[BlackElo "1803"]
[PlyCount "30"]
[EventDate "2001.??.??"]
[EventType "tourn (corr)"]
[EventRounds "6"]
[SourceTitle "Corr 2008"]
[Source "ChessBase"]
[SourceDate "2008.06.24"]
[SourceVersion "1"]
[SourceVersionDate "2008.06.24"]
[SourceQuality "1"]

1. d4 e6 2. e4 d5 3. e5 c5 4. c3 Nc6 5. Nf3 Qb6 6. Be2 cxd4 7. cxd4 Nge7 8. Nc3 Nf5 9. Bb5 Bd7 10. Bxc6 Bxc6 11. Ne2 Be7 12. a4 a5 13. 0-0 0-0 14. Qd3 Rac8 15. g4 Nh6 0-1